000 00446nam a2200181Ia 4500
001 8765
005 20260306160634.0
008 260306t2017||||xx |||||||||||||| ||spa||
041 _aESP
082 _a371.33
_bF81
100 _aFrazier, Max; Hearrington, Doug
_eAUT
245 4 _aThe technology coordinators handbook
260 _c2017
300 _ax, 240 páginas :
_c22 cm.
650 _aGEN
654 _aCED
942 _cLIB
_dJUS
_fJUS
_2ddc
_n
999 _c8765
_d8765